| 000 | 00845nam0a2200277 4500 | ||
|---|---|---|---|
| 001 | RU\NLR\bibl\170854 | ||
| 005 | 20250618060304.0 | ||
| 035 | _a(NLR Aleph) 000167635 | ||
| 090 |
_a965365 _c965365 |
||
| 100 | _a20010716d2000 |||y0rusy50 ca | ||
| 101 | 0 | _arus | |
| 102 | _aRU | ||
| 105 | _ay ||||||||| | ||
| 200 | 1 |
_aЖелтый "Белый аист" _e[Кн. стихов] _fЕкатерина Пицык |
|
| 210 |
_aСПб. _cЗнак _d2000 |
||
| 215 |
_a31 с. _d7 |
||
| 309 | _aВложена с 5-ю др. кн. в коробку с загл.: Пенал; Вып. 3 | ||
| 517 | 1 |
_aПенал _eВып. 3 |
|
| 686 | _aШ6(2=Р)75-5 | ||
| 700 | 1 |
_aПицык _bЕ. _gЕкатерина _4070 |
|
| 801 | 0 |
_aRU _bNLR _c20010716 _gPSBO |
|
| 801 | 1 |
_aRU _bNLR _c20010716 |
|
| 942 | _cBOOK | ||
| 980 | _aNB | ||